01732 a2200217 45000010006000000050017000060080041000230030015000640400040000790800099001192450072002182500011002902640028003013000026003295051055003550410008014101000027014187000021014457000022014667000026014883884820260407155649.0260407a1960 arg spa dAR-UNSa-BCEJYS aAR-UNSa-BCEJYSbspacAR-UNSa-BCEJYS a519.22xTeoría estadística. Modelos estadísticos. Estadística matemática en general 10aMétodos estadísticos aplicados a la economía y a los negocios a6a. ed 1aMadrid :bAguilarc1960 axxiii, 744 p.c21 cm. a1. Los métodfos estadísticos y los problemas económicos y comerciales - 2. Representación gráfica - 3. Elaboración de los datos estadísticos - 4. Estudio de la distribución de fecuencias : Promedios - 5. Estudio de la distribución de frecuencia-Medidas de disperción y asimetria - 6. Números índices de precios - 7. Análisis de las series cronólogicas - 8. Análisis de las series cronólogicas (conclusión) - 9. Números índices de producción - 10. Medida de la relación.Correlación rectilínea - 11. Medida en la relación entre series cronólogicas - 12. Medida de la relación.Correlación curvilínea - 13. Probalilidades elemetales y la curva normal de error - 14. La inducción estdística y el problema de la selección de muestras - 15. Análisis de la "variance" - 16. Medida de la relación. Correlación múltiple y parcial - 17. La medida de la relación y el problema de la estimación - 18. La inducción estadística y el problema de la selección de muestras (conclusión). aspa1 aMills, Frederick Cecil1 aRuiz Magan, Juan1 aGastardi, Enrique1 aRuiz Rubio, Juan Jose